Estatísticas para Monarquias Atuais

Clique aqui para jogar o quiz

Estatísticas Gerais

  • Esse quiz foi jogado 230 vezes
    (138 desde o último reset)
  • A pontuação média é 24 de 43

Estatísticas das Respostas

Tipo de MonarquiaPaís% Correto
Monarquia Constitucional ParlamentarReino Unido
99%
Monarquia ParlamentarEspanha
90%
Monarquia ParlamentarSuécia
90%
Monarquia Constitucional ParlamentarNoruega
84%
Monarquia ParlamentarDinamarca
82%
Monarquia AbsolutistaArábia Saudita
80%
Monarquia Constitucional ParlamentarCanadá
80%
Monarquia Constitucional ParlamentarPaíses Baixos
78%
Monarquia ParlamentarJapão
76%
Monarquia Constitucional ParlamentarAustrália
74%
Monarquia ParlamentarBélgica
71%
Monarquia AbsolutistaCatar
70%
Monarquia ConstitucionalMônaco
70%
Monarquia ConstitucionalLuxemburgo
69%
Monarquia Constitucional ParlamentarNova Zelândia
68%
Monarquia Absolutista FederalEmirados Árabes Unidos
67%
Monarquia ConstitucionalLiechtenstein
65%
Diarquia Constitucional ParlamentarAndorra
64%
Monarquia ConstitucionalTailândia
62%
Monarquia AbsolutistaBrunei
61%
Monarquia AbsolutistaOmã
61%
Monarquia ConstitucionalBahrein
59%
Monarquia ConstitucionalKuwait
59%
Monarquia AbsolutistaVaticano
59%
Monarquia ConstitucionalMarrocos
57%
Monarquia ConstitucionalJordânia
50%
Monarquia ConstitucionalButão
48%
Monarquia ConstitucionalMalásia
47%
Monarquia Constitucional ParlamentarJamaica
40%
Monarquia ConstitucionalTonga
38%
Monarquia ConstitucionalLesoto
37%
Monarquia Constitucional ParlamentarTuvalu
36%
Monarquia Constitucional ParlamentarIlhas Salomão
35%
Monarquia ConstitucionalCamboja
34%
Monarquia AbsolutistaEssuatíni
32%
Monarquia Constitucional ParlamentarSanta Lúcia
32%
Monarquia Constitucional ParlamentarBahamas
31%
Monarquia Constitucional ParlamentarSão Vicente e Granadinas
31%
Monarquia Constitucional ParlamentarBelize
30%
Monarquia Constitucional ParlamentarSão Cristóvão e Névis
30%
Monarquia Constitucional ParlamentarAntígua e Barbuda
29%
Monarquia Constitucional ParlamentarPapua Nova-Guiné
27%
Monarquia Constitucional ParlamentarGranada
24%

Distribuição das Pontuações

Percentil de Números Respondidos

Porcentagem de Pessoas com Cada Pontuação

Sua Pontuação Histórica

Você não jogou esse quiz desde o último reset